000 00511nam a2200193 a 4500
001 1771589609434
003 YourLibrary
005 20260220174644.0
008 260220s2005##################000#0#eng##
020 _a9781843761259
082 0 4 _a320.6064
_bADN
100 1 _aAdnett, Nick,
_eauthor.
245 1 0 _aThe European Social Model :
260 _bEdward Elgar Publishing,
_c2005.
300 _a272 pages
650 0 _aPolitical Science.
942 _cENGLISH
040 _aYourLibrary
_beng
_cYourLibrary
999 _c614803
_d614803